| 000 | 00811cab a22001935a 4500 | ||
|---|---|---|---|
| 001 | L142723 | ||
| 008 | 040308e20080228xxkd f s 000 0 eng d | ||
| 035 | _a(Sirsi) u142723 | ||
| 041 | 0 | _aeng | |
| 100 | 1 | _aMenary, Steve | |
| 245 | 0 | 0 | _aBalfour Beatty maintains top spot dominance |
| 260 | _c2008 | ||
| 490 | 0 |
_aConstruction News _v(7057) 28 February 2008, 18-19(2) |
|
| 520 | _aMonthly league compiled by Emap Glenigan showing Davis Langdon heading the quantity surveyor table for January 2008. Thomas and Adamson were runners up, with Gardiner and Theobald in third place. Balfour Beatty headed the contractor's league for the same period, with Costain in second place. | ||
| 590 | _aKA | ||
| 651 | 4 |
_aUnited Kingdom _y |
|
| 690 | _aBUILT ENVIRONMENT-QUANTITY SURVEYING-QUANTITY SURVEYORS | ||
| 942 | _n0 | ||
| 999 |
_c79922 _d79922 |
||